[Event "European Women's Championship"]
[Site "Vysoke Tatry"]
[Date "2018.04.11"]
[Round "4"]
[White "Gvanceladze, Anna"]
[Black "Arabidze, Meri"]
[Result "0-1"]
[Board "23"]
[WhiteElo "2302"]
[WhiteTitle "WFM"]
[WhiteCountry "RUS"]
[WhiteFideId "4113721"]
[WhiteEloChange "-7"]
[BlackElo "2393"]
[BlackTitle "IM"]
[BlackCountry "GEO"]
[BlackFideId "13604040"]
[BlackEloChange "7"]

1. e4 {[%clk 1:30:53]} c5 {[%clk 1:30:54]} 2. Nf3 {[%clk 1:31:11]} e6 {[%clk
1:31:17]} 3. g3 {[%clk 1:31:33]} d5 {[%clk 1:30:36]} 4. exd5 {[%clk 1:31:52]}
exd5 {[%clk 1:31:02]} 5. d4 {[%clk 1:32:13]} Bd6 {[%clk 1:28:38]} 6. Bg2 {[%clk
1:32:06]} Ne7 {[%clk 1:28:53]} 7. O-O {[%clk 1:31:30]} O-O {[%clk 1:29:11]} 8.
Nc3 {[%clk 1:26:34]} a6 {[%clk 1:27:50]} 9. Bg5 {[%clk 1:23:13]} f6 {[%clk
1:20:23]} 10. Be3 {[%clk 1:22:48]} c4 {[%clk 1:17:49]} 11. Nd2 {[%clk 0:59:40]}
Be6 {[%clk 1:16:09]} 12. Re1 {[%clk 0:52:19]} Bf7 {[%clk 1:15:12]} 13. Qf3 {[%clk
0:46:13]} Nbc6 {[%clk 1:14:46]} 14. Ne2 {[%clk 0:36:47]} Nb4 {[%clk 1:10:57]} 15.
Rec1 {[%clk 0:36:04]} Bg6 {[%clk 1:09:46]} 16. c3 {[%clk 0:35:26]} Nc2 {[%clk
1:07:47]} 17. Rab1 {[%clk 0:35:50]} Nxe3 {[%clk 1:05:47]} 18. fxe3 {[%clk
0:34:35]} Bxb1 {[%clk 1:05:59]} 19. Rxb1 {[%clk 0:35:01]} Qa5 {[%clk 0:58:53]}
20. e4 {[%clk 0:31:43]} Qxa2 {[%clk 0:57:35]} 21. Nf4 {[%clk 0:28:28]} Bxf4
{[%clk 0:40:46]} 22. Qxf4 {[%clk 0:26:48]} Rad8 {[%clk 0:40:19]} 23. Qc7 {[%clk
0:23:38]} Qa4 {[%clk 0:38:07]} 24. Qxe7 {[%clk 0:17:11]} Qc2 {[%clk 0:38:25]} 25.
Qxb7 {[%clk 0:15:42]} Qxd2 {[%clk 0:37:11]} 26. exd5 {[%clk 0:11:12]} Rfe8 {[%clk
0:34:54]} 27. Rf1 {[%clk 0:11:41]} Rb8 {[%clk 0:21:53]} 28. Qc6 {[%clk 0:11:56]}
Qxb2 {[%clk 0:21:50]} 29. Qxc4 {[%clk 0:10:55]} Rec8 {[%clk 0:20:09]} 30. Qxa6
{[%clk 0:11:01]} Qxc3 {[%clk 0:20:27]} 31. Qe6+ {[%clk 0:09:20]} Kh8 {[%clk
0:20:50]} 32. Qe4 {[%clk 0:07:31]} Re8 {[%clk 0:19:38]} 33. Qh4 {[%clk 0:07:05]}
Rb4 {[%clk 0:19:01]} 34. Rd1 {[%clk 0:02:54]} Re1+ {[%clk 0:17:44]} 35. Rxe1
{[%clk 0:03:18]} Qxe1+ {[%clk 0:18:11]} 36. Bf1 {[%clk 0:03:44]} Qe3+ {[%clk
0:18:17]} 37. Kg2 {[%clk 0:04:00]} Rxd4 {[%clk 0:18:14]} 38. Qh5 {[%clk 0:04:11]}
Qe4+ {[%clk 0:18:12]} 39. Kg1 {[%clk 0:03:29]} Rxd5 {[%clk 0:17:56]} 40. Qe2
{[%clk 0:32:51]} Qxe2 {[%clk 0:47:21]} 41. Bxe2 {[%clk 0:31:06]} Rd2 {[%clk
0:47:46]} 42. Kf2 {[%clk 0:31:30]} g6 {[%clk 0:47:33]} 43. Ke3 {[%clk 0:31:53]}
Ra2 {[%clk 0:47:39]} 44. h4 {[%clk 0:31:37]} Kg7 {[%clk 0:45:35]} 45. Bc4 {[%clk
0:31:43]} Ra3+ {[%clk 0:45:54]} 46. Kf2 {[%clk 0:32:09]} f5 {[%clk 0:44:58]} 47.
Bd5 {[%clk 0:32:16]} Kf6 {[%clk 0:45:20]} 48. Kg2 {[%clk 0:32:19]} h6 {[%clk
0:45:00]} 49. Kf2 {[%clk 0:32:31]} Ke5 {[%clk 0:44:32]} 50. Bf7 {[%clk 0:32:13]}
g5 {[%clk 0:43:40]} 51. hxg5 {[%clk 0:32:34]} hxg5 {[%clk 0:44:09]} 52. Bg6
{[%clk 0:32:37]} Ra2+ {[%clk 0:40:54]} 53. Ke3 {[%clk 0:32:53]} Ra6 {[%clk
0:41:06]} 54. Be8 {[%clk 0:31:35]} Ra3+ {[%clk 0:40:58]} 55. Kf2 {[%clk 0:31:57]}
Rc3 {[%clk 0:41:00]} 56. Ba4 {[%clk 0:31:59]} f4 {[%clk 0:39:57]} 57. gxf4+
{[%clk 0:32:20]} Kxf4 {[%clk 0:40:17]} 58. Kg2 {[%clk 0:32:35]} Rd3 {[%clk
0:40:11]} 59. Bc6 {[%clk 0:32:39]} Rd2+ {[%clk 0:40:29]} 60. Kg1 {[%clk 0:32:21]}
Kg3 {[%clk 0:40:50]} 0-1

[Event "European Women's Championship"]
[Site "Vysoke Tatry"]
[Date "2018.04.11"]
[Round "4"]
[White "Hoolt, Sarah"]
[Black "Ionescu, Irina"]
[Result "1/2-1/2"]
[Board "24"]
[WhiteElo "2393"]
[WhiteTitle "WGM"]
[WhiteCountry "GER"]
[WhiteFideId "24606812"]
[WhiteEloChange "-4"]
[BlackElo "2247"]
[BlackTitle "WGM"]
[BlackCountry "ROU"]
[BlackFideId "1204750"]
[BlackEloChange "4"]

1. e4 {[%clk 1:30:57]} e5 {[%clk 1:30:46]} 2. Nc3 {[%clk 1:31:10]} Nf6 {[%clk
1:30:45]} 3. g3 {[%clk 1:31:30]} d5 {[%clk 1:30:02]} 4. exd5 {[%clk 1:31:54]}
Nxd5 {[%clk 1:30:24]} 5. Bg2 {[%clk 1:32:15]} Nxc3 {[%clk 1:23:07]} 6. bxc3
{[%clk 1:32:40]} Bd6 {[%clk 1:22:16]} 7. Nf3 {[%clk 1:32:04]} O-O {[%clk
1:20:10]} 8. O-O {[%clk 1:31:09]} Nc6 {[%clk 1:17:43]} 9. Rb1 {[%clk 1:29:52]}
Bg4 {[%clk 1:11:21]} 10. h3 {[%clk 1:26:57]} Bh5 {[%clk 1:11:35]} 11. Qe1 {[%clk
1:21:06]} Rb8 {[%clk 1:06:23]} 12. d3 {[%clk 1:19:36]} Re8 {[%clk 1:04:40]} 13.
Nh4 {[%clk 1:10:56]} Bc5 {[%clk 0:54:08]} 14. Rb5 {[%clk 1:04:16]} Bb6 {[%clk
0:48:30]} 15. Bxc6 {[%clk 0:50:37]} bxc6 {[%clk 0:48:54]} 16. Rxe5 {[%clk
0:50:55]} Qd7 {[%clk 0:46:03]} 17. g4 {[%clk 0:45:41]} f6 {[%clk 0:41:48]} 18.
Re4 {[%clk 0:44:15]} Bf7 {[%clk 0:39:57]} 19. c4 {[%clk 0:42:20]} h5 {[%clk
0:35:27]} 20. Kh1 {[%clk 0:24:22]} Rxe4 {[%clk 0:31:20]} 21. Qxe4 {[%clk
0:24:45]} Re8 {[%clk 0:31:44]} 22. Qf3 {[%clk 0:24:06]} hxg4 {[%clk 0:25:48]} 23.
hxg4 {[%clk 0:24:32]} Be6 {[%clk 0:25:20]} 24. Rg1 {[%clk 0:18:09]} Kf7 {[%clk
0:17:59]} 25. Nf5 {[%clk 0:18:14]} Rh8+ {[%clk 0:09:31]} 26. Kg2 {[%clk 0:18:38]}
Bxf5 {[%clk 0:06:55]} 27. gxf5 {[%clk 0:17:19]} Qd4 {[%clk 0:05:45]} 28. Be3
{[%clk 0:15:05]} Qe5 {[%clk 0:05:49]} 29. Rh1 {[%clk 0:07:13]} Rxh1 {[%clk
0:05:47]} 30. Kxh1 {[%clk 0:07:42]} Bxe3 {[%clk 0:05:10]} 31. fxe3 {[%clk
0:06:33]} Qa1+ {[%clk 0:05:21]} 32. Kg2 {[%clk 0:06:55]} Qxa2 {[%clk 0:05:43]}
33. Qxc6 {[%clk 0:03:29]} Qxc2+ {[%clk 0:05:48]} 34. Kg3 {[%clk 0:03:23]} Qxd3
{[%clk 0:05:49]} 35. Qxc7+ {[%clk 0:03:33]} Kg8 {[%clk 0:05:53]} 36. Qxa7 {[%clk
0:02:56]} Qxc4 {[%clk 0:05:14]} 37. Qa8+ {[%clk 0:03:10]} Kh7 {[%clk 0:05:21]}
38. Qh1+ {[%clk 0:03:36]} Kg8 {[%clk 0:05:47]} 39. Qa8+ {[%clk 0:03:00]} Kh7
{[%clk 0:06:12]} 40. Qh1+ {[%clk 0:32:54]} 1/2-1/2

[Event "European Women's Championship"]
[Site "Vysoke Tatry"]
[Date "2018.04.11"]
[Round "4"]
[White "Fuchs, Judith"]
[Black "Shuvalova, Polina"]
[Result "1/2-1/2"]
[Board "25"]
[WhiteElo "2286"]
[WhiteTitle "WGM"]
[WhiteCountry "GER"]
[WhiteFideId "24605611"]
[WhiteEloChange "3"]
[BlackElo "2389"]
[BlackTitle "WIM"]
[BlackCountry "RUS"]
[BlackFideId "24171760"]
[BlackEloChange "-3"]

1. d4 {[%clk 1:30:57]} Nf6 {[%clk 1:30:55]} 2. Bf4 {[%clk 1:31:21]} e6 {[%clk
1:31:07]} 3. e3 {[%clk 1:31:36]} d5 {[%clk 1:31:03]} 4. Nf3 {[%clk 1:31:41]} Bd6
{[%clk 1:31:28]} 5. Bg3 {[%clk 1:32:05]} O-O {[%clk 1:30:34]} 6. Bd3 {[%clk
1:31:52]} c5 {[%clk 1:30:41]} 7. c3 {[%clk 1:31:51]} b6 {[%clk 1:30:37]} 8. Nbd2
{[%clk 1:30:42]} Ba6 {[%clk 1:29:36]} 9. Bxa6 {[%clk 1:30:55]} Nxa6 {[%clk
1:30:04]} 10. Qe2 {[%clk 1:31:17]} Nc7 {[%clk 1:30:00]} 11. Ne5 {[%clk 1:27:38]}
Nce8 {[%clk 1:29:40]} 12. O-O {[%clk 1:25:23]} g6 {[%clk 1:29:26]} 13. Nc6 {[%clk
1:14:20]} Qc7 {[%clk 1:28:17]} 14. Bxd6 {[%clk 1:14:30]} Nxd6 {[%clk 1:26:13]}
15. Ne5 {[%clk 1:14:51]} Rac8 {[%clk 1:16:26]} 16. Rad1 {[%clk 1:10:18]} Nfe4
{[%clk 1:07:23]} 17. Nxe4 {[%clk 0:58:18]} Nxe4 {[%clk 1:07:13]} 18. Qg4 {[%clk
0:54:51]} Qe7 {[%clk 0:58:36]} 19. Rfe1 {[%clk 0:49:11]} f6 {[%clk 0:55:30]} 20.
Nd3 {[%clk 0:48:15]} c4 {[%clk 0:53:22]} 21. Nf4 {[%clk 0:44:22]} f5 {[%clk
0:47:57]} 22. Qe2 {[%clk 0:43:04]} b5 {[%clk 0:42:04]} 23. f3 {[%clk 0:39:09]}
Nd6 {[%clk 0:40:58]} 24. Nh3 {[%clk 0:37:19]} Qb7 {[%clk 0:28:40]} 25. Nf2 {[%clk
0:33:03]} b4 {[%clk 0:27:56]} 26. e4 {[%clk 0:27:15]} Rfe8 {[%clk 0:26:27]} 27.
Qd2 {[%clk 0:24:23]} dxe4 {[%clk 0:19:18]} 28. fxe4 {[%clk 0:24:43]} bxc3 {[%clk
0:18:38]} 29. bxc3 {[%clk 0:24:35]} Rb8 {[%clk 0:17:38]} 30. Qf4 {[%clk 0:19:04]}
Nb5 {[%clk 0:14:14]} 31. Re3 {[%clk 0:17:44]} Qc7 {[%clk 0:14:11]} 32. Qg5 {[%clk
0:15:57]} Qa5 {[%clk 0:13:06]} 33. Rde1 {[%clk 0:14:37]} Rf8 {[%clk 0:08:37]} 34.
exf5 {[%clk 0:12:57]} Nxc3 {[%clk 0:05:24]} 35. Ng4 {[%clk 0:11:32]} Kh8 {[%clk
0:05:32]} 36. Ne5 {[%clk 0:05:46]} Rxf5 {[%clk 0:05:04]} 37. Nxg6+ {[%clk
0:05:32]} Kg7 {[%clk 0:05:00]} 38. Qe7+ {[%clk 0:04:43]} Rf7 {[%clk 0:05:19]} 39.
Qd6 {[%clk 0:03:31]} Qf5 {[%clk 0:01:50]} 40. Qe5+ {[%clk 0:30:56]} Rf6 {[%clk
0:30:59]} 41. Qxf5 {[%clk 0:26:34]} exf5 {[%clk 0:29:30]} 42. Nf4 {[%clk
0:24:55]} Ne4 {[%clk 0:22:46]} 43. Nh5+ {[%clk 0:24:31]} Kg6 {[%clk 0:20:29]} 44.
Nxf6 {[%clk 0:24:54]} Kxf6 {[%clk 0:20:44]} 45. Rf1 {[%clk 0:15:30]} Ke6 {[%clk
0:17:26]} 46. g4 {[%clk 0:13:05]} Rg8 {[%clk 0:16:28]} 47. h3 {[%clk 0:13:24]}
Kd5 {[%clk 0:15:57]} 48. Rxf5+ {[%clk 0:11:05]} Kxd4 {[%clk 0:16:24]} 49. Re1
{[%clk 0:09:20]} c3 {[%clk 0:14:32]} 50. Rf7 {[%clk 0:08:05]} c2 {[%clk 0:08:27]}
51. Rd7+ {[%clk 0:07:28]} Kc3 {[%clk 0:08:50]} 52. Rc7+ {[%clk 0:05:54]} Kd3
{[%clk 0:08:50]} 53. Rxe4 {[%clk 0:04:52]} Kxe4 {[%clk 0:08:34]} 54. Rxc2 {[%clk
0:05:16]} h5 {[%clk 0:07:58]} 55. Rc4+ {[%clk 0:04:29]} Kf3 {[%clk 0:08:12]} 56.
Rc3+ {[%clk 0:04:31]} Kf4 {[%clk 0:08:22]} 57. Kg2 {[%clk 0:01:57]} hxg4 {[%clk
0:08:32]} 58. Rc4+ {[%clk 0:02:05]} Kf5 {[%clk 0:08:53]} 59. h4 {[%clk 0:02:02]}
Rd8 {[%clk 0:08:41]} 60. Rc5+ {[%clk 0:02:16]} Kf4 {[%clk 0:09:07]} 61. Rc4+
{[%clk 0:02:41]} Kf5 {[%clk 0:09:31]} 62. Rc5+ {[%clk 0:03:06]} 1/2-1/2

[Event "European Women's Championship"]
[Site "Vysoke Tatry"]
[Date "2018.04.11"]
[Round "4"]
[White "Mamedjarova, Turkan"]
[Black "Schleining, Zoya"]
[Result "1/2-1/2"]
[Board "26"]
[WhiteElo "2274"]
[WhiteTitle "WGM"]
[WhiteCountry "AZE"]
[WhiteFideId "13402005"]
[WhiteEloChange "3"]
[BlackElo "2382"]
[BlackTitle "IM"]
[BlackCountry "GER"]
[BlackFideId "4671660"]
[BlackEloChange "-3"]

1. d4 {[%clk 1:30:56]} Nf6 {[%clk 1:30:54]} 2. Nc3 {[%clk 1:31:14]} d5 {[%clk
1:31:07]} 3. Bg5 {[%clk 1:31:35]} Nbd7 {[%clk 1:29:32]} 4. e3 {[%clk 1:31:49]} e6
{[%clk 1:27:38]} 5. Nf3 {[%clk 1:31:52]} h6 {[%clk 1:25:25]} 6. Bf4 {[%clk
1:30:37]} a6 {[%clk 1:22:04]} 7. Bd3 {[%clk 1:30:15]} c5 {[%clk 1:21:27]} 8. O-O
{[%clk 1:30:26]} c4 {[%clk 1:17:03]} 9. Be2 {[%clk 1:30:50]} b5 {[%clk 1:15:27]}
10. a3 {[%clk 1:28:07]} Bb7 {[%clk 1:12:12]} 11. Ne5 {[%clk 1:21:59]} Be7 {[%clk
1:07:00]} 12. Bg3 {[%clk 1:20:13]} Nxe5 {[%clk 0:53:22]} 13. Bxe5 {[%clk
1:17:05]} O-O {[%clk 0:52:13]} 14. Bxf6 {[%clk 1:17:17]} Bxf6 {[%clk 0:52:37]}
15. f4 {[%clk 1:17:40]} Bc6 {[%clk 0:45:14]} 16. Bg4 {[%clk 0:56:52]} Qb6 {[%clk
0:39:27]} 17. Kh1 {[%clk 0:51:10]} g6 {[%clk 0:30:30]} 18. Bf3 {[%clk 0:51:22]}
a5 {[%clk 0:29:50]} 19. g4 {[%clk 0:50:42]} b4 {[%clk 0:29:18]} 20. Ne2 {[%clk
0:47:16]} bxa3 {[%clk 0:27:44]} 21. bxa3 {[%clk 0:47:38]} Rab8 {[%clk 0:27:31]}
22. Qd2 {[%clk 0:42:49]} Qd8 {[%clk 0:25:20]} 23. f5 {[%clk 0:41:35]} Bg5 {[%clk
0:19:28]} 24. Bg2 {[%clk 0:40:47]} exf5 {[%clk 0:14:42]} 25. gxf5 {[%clk
0:40:29]} Qd6 {[%clk 0:15:03]} 26. Nf4 {[%clk 0:36:09]} Rbe8 {[%clk 0:14:45]} 27.
fxg6 {[%clk 0:24:04]} fxg6 {[%clk 0:15:13]} 28. Qxa5 {[%clk 0:24:29]} Rxe3 {[%clk
0:10:22]} 29. Bxd5+ {[%clk 0:22:52]} Bxd5+ {[%clk 0:10:37]} 30. Qxd5+ {[%clk
0:18:35]} Qxd5+ {[%clk 0:11:01]} 31. Nxd5 {[%clk 0:19:03]} Rxf1+ {[%clk 0:10:59]}
32. Rxf1 {[%clk 0:19:31]} Rxa3 {[%clk 0:11:17]} 33. c3 {[%clk 0:18:03]} Bd2
{[%clk 0:08:47]} 1/2-1/2

[Event "European Women's Championship"]
[Site "Vysoke Tatry"]
[Date "2018.04.11"]
[Round "4"]
[White "Sandu, Mihaela"]
[Black "Gara, Anita"]
[Result "1/2-1/2"]
[Board "27"]
[WhiteElo "2240"]
[WhiteTitle "WGM"]
[WhiteCountry "ROU"]
[WhiteFideId "1204327"]
[WhiteEloChange "4"]
[BlackElo "2369"]
[BlackTitle "IM"]
[BlackCountry "HUN"]
[BlackFideId "709751"]
[BlackEloChange "-4"]

1. e4 {[%clk 1:30:58]} c5 {[%clk 1:30:54]} 2. Nf3 {[%clk 1:31:22]} e6 {[%clk
1:31:16]} 3. d4 {[%clk 1:31:46]} cxd4 {[%clk 1:31:41]} 4. Nxd4 {[%clk 1:32:13]}
Nc6 {[%clk 1:32:03]} 5. Nc3 {[%clk 1:32:28]} Qc7 {[%clk 1:32:26]} 6. f4 {[%clk
1:31:55]} a6 {[%clk 1:32:15]} 7. Nxc6 {[%clk 1:32:02]} Qxc6 {[%clk 1:32:34]} 8.
Bd3 {[%clk 1:32:12]} b5 {[%clk 1:32:45]} 9. Qe2 {[%clk 1:32:24]} Bb7 {[%clk
1:33:08]} 10. Bd2 {[%clk 1:32:21]} Rc8 {[%clk 1:33:20]} 11. O-O {[%clk 1:28:17]}
b4 {[%clk 1:32:35]} 12. Nd5 {[%clk 1:25:04]} f5 {[%clk 1:32:38]} 13. c4 {[%clk
1:07:27]} fxe4 {[%clk 1:19:31]} 14. Bxe4 {[%clk 1:02:04]} Qxc4 {[%clk 1:18:51]}
15. Qxc4 {[%clk 1:01:43]} Rxc4 {[%clk 1:19:14]} 16. Nf6+ {[%clk 1:02:08]} Nxf6
{[%clk 1:19:31]} 17. Bxb7 {[%clk 1:02:35]} Bc5+ {[%clk 1:16:18]} 18. Kh1 {[%clk
1:03:01]} Rc2 {[%clk 1:15:00]} 19. Rfc1 {[%clk 1:01:25]} Rxd2 {[%clk 1:12:53]}
20. Rxc5 {[%clk 1:01:51]} O-O {[%clk 1:12:31]} 21. Rb1 {[%clk 0:55:27]} Ng4
{[%clk 1:08:57]} 22. Bxa6 {[%clk 0:37:36]} Rxf4 {[%clk 1:06:27]} 23. Rc4 {[%clk
0:37:53]} Rxc4 {[%clk 1:02:49]} 24. Bxc4 {[%clk 0:38:18]} Ne3 {[%clk 1:02:07]}
25. Bb5 {[%clk 0:38:35]} d5 {[%clk 0:55:07]} 26. a4 {[%clk 0:37:57]} bxa3 {[%clk
0:54:19]} 27. bxa3 {[%clk 0:38:23]} Ra2 {[%clk 0:53:52]} 28. a4 {[%clk 0:38:17]}
Kf7 {[%clk 0:53:29]} 29. g3 {[%clk 0:37:33]} g5 {[%clk 0:50:55]} 30. h3 {[%clk
0:36:17]} h5 {[%clk 0:50:17]} 31. Rc1 {[%clk 0:34:00]} Kf6 {[%clk 0:47:06]} 32.
Rc8 {[%clk 0:34:02]} g4 {[%clk 0:42:00]} 33. hxg4 {[%clk 0:34:20]} hxg4 {[%clk
0:42:24]} 34. Rg8 {[%clk 0:31:30]} d4 {[%clk 0:37:36]} 35. Re8 {[%clk 0:30:51]}
Kf7 {[%clk 0:27:23]} 36. Rd8 {[%clk 0:25:37]} Nf5 {[%clk 0:26:57]} 37. Kg1 {[%clk
0:25:51]} Ra3 {[%clk 0:17:34]} 38. Kf2 {[%clk 0:15:19]} e5 {[%clk 0:13:39]} 39.
Re8 {[%clk 0:10:36]} Rf3+ {[%clk 0:10:51]} 40. Ke1 {[%clk 0:39:54]} Re3+ {[%clk
0:41:12]} 41. Kd1 {[%clk 0:35:05]} Nd6 {[%clk 0:37:20]} 42. Rb8 {[%clk 0:34:21]}
Rxg3 {[%clk 0:36:54]} 43. Bc6 {[%clk 0:34:40]} e4 {[%clk 0:31:42]} 44. Rb4 {[%clk
0:30:40]} Rd3+ {[%clk 0:28:57]} 45. Ke2 {[%clk 0:31:05]} g3 {[%clk 0:28:30]} 46.
a5 {[%clk 0:30:29]} Ke6 {[%clk 0:08:53]} 47. a6 {[%clk 0:30:21]} Nc8 {[%clk
0:09:15]} 48. Rb8 {[%clk 0:24:30]} Re3+ {[%clk 0:09:24]} 49. Kf1 {[%clk 0:24:48]}
Na7 {[%clk 0:09:41]} 50. Bb7 {[%clk 0:18:00]} d3 {[%clk 0:09:26]} 51. Rd8 {[%clk
0:16:33]} Ke5 {[%clk 0:09:49]} 52. Kg2 {[%clk 0:16:46]} Re2+ {[%clk 0:08:49]} 53.
Kxg3 {[%clk 0:16:59]} d2 {[%clk 0:09:17]} 54. Rd5+ {[%clk 0:15:19]} Ke6 {[%clk
0:08:36]} 55. Kf4 {[%clk 0:14:31]} e3 {[%clk 0:08:34]} 56. Rd3 {[%clk 0:14:26]}
1/2-1/2

[Event "European Women's Championship"]
[Site "Vysoke Tatry"]
[Date "2018.04.11"]
[Round "4"]
[White "Girya, Olga"]
[Black "Nemcova, Karin"]
[Result "1-0"]
[Board "28"]
[WhiteElo "2470"]
[WhiteTitle "WGM"]
[WhiteCountry "RUS"]
[WhiteFideId "4195752"]
[WhiteEloChange "1"]
[BlackElo "1992"]
[BlackCountry "CZE"]
[BlackFideId "360821"]
[BlackEloChange "-2"]

1. d4 {[%clk 1:30:58]} Nf6 {[%clk 1:30:49]} 2. c4 {[%clk 1:31:20]} e6 {[%clk
1:31:11]} 3. Nf3 {[%clk 1:28:18]} d5 {[%clk 1:30:35]} 4. Nc3 {[%clk 1:28:43]} Bb4
{[%clk 1:30:30]} 5. Qa4+ {[%clk 1:23:04]} Nc6 {[%clk 1:30:07]} 6. e3 {[%clk
1:23:29]} O-O {[%clk 1:29:10]} 7. Qc2 {[%clk 1:23:00]} Re8 {[%clk 1:24:54]} 8.
Bd2 {[%clk 1:23:01]} e5 {[%clk 1:16:02]} 9. dxe5 {[%clk 1:16:00]} Nxe5 {[%clk
1:14:18]} 10. cxd5 {[%clk 1:07:43]} Bxc3 {[%clk 1:09:44]} 11. Bxc3 {[%clk
1:07:57]} Nxf3+ {[%clk 1:08:11]} 12. gxf3 {[%clk 1:08:26]} Qxd5 {[%clk 1:07:24]}
13. Rg1 {[%clk 0:57:22]} Bf5 {[%clk 0:59:44]} 14. Qa4 {[%clk 0:54:11]} Rad8
{[%clk 0:49:26]} 15. Be2 {[%clk 0:51:14]} Qe6 {[%clk 0:46:01]} 16. Qxa7 {[%clk
0:43:06]} Bd3 {[%clk 0:42:02]} 17. Qa4 {[%clk 0:35:50]} Bxe2 {[%clk 0:36:20]} 18.
Qh4 {[%clk 0:29:46]} Rd6 {[%clk 0:29:00]} 19. Kxe2 {[%clk 0:24:40]} Qf5 {[%clk
0:27:37]} 20. Qg5 {[%clk 0:20:40]} Qc2+ {[%clk 0:17:35]} 21. Kf1 {[%clk 0:19:11]}
g6 {[%clk 0:10:44]} 22. Bxf6 {[%clk 0:18:13]} Rd2 {[%clk 0:10:48]} 23. Qg3 {[%clk
0:17:28]} Rxe3 {[%clk 0:09:10]} 24. Bc3 {[%clk 0:15:33]} Rxf2+ {[%clk 0:05:05]}
25. Qxf2 {[%clk 0:15:56]} Qd3+ {[%clk 0:05:29]} 26. Kg2 {[%clk 0:16:23]} Re2
{[%clk 0:05:53]} 27. Rad1 {[%clk 0:15:23]} 1-0

[Event "European Women's Championship"]
[Site "Vysoke Tatry"]
[Date "2018.04.11"]
[Round "4"]
[White "Ozturk, Kubra"]
[Black "Cramling, Pia"]
[Result "1/2-1/2"]
[Board "29"]
[WhiteElo "2295"]
[WhiteTitle "WGM"]
[WhiteCountry "TUR"]
[WhiteFideId "6302599"]
[WhiteEloChange "5"]
[BlackElo "2472"]
[BlackTitle "GM"]
[BlackCountry "SWE"]
[BlackFideId "1700030"]
[BlackEloChange "-2"]

1. d4 {[%clk 1:30:56]} Nf6 {[%clk 1:30:42]} 2. c4 {[%clk 1:31:16]} e6 {[%clk
1:31:01]} 3. Nf3 {[%clk 1:31:21]} b6 {[%clk 1:31:12]} 4. g3 {[%clk 1:31:22]} Bb7
{[%clk 1:30:57]} 5. Bg2 {[%clk 1:31:40]} Bb4+ {[%clk 1:31:07]} 6. Bd2 {[%clk
1:31:36]} Be7 {[%clk 1:31:10]} 7. O-O {[%clk 1:29:40]} O-O {[%clk 1:30:51]} 8.
Bg5 {[%clk 1:26:21]} d6 {[%clk 1:25:15]} 9. Bxf6 {[%clk 1:14:39]} Bxf6 {[%clk
1:25:33]} 10. Qc2 {[%clk 1:14:20]} g6 {[%clk 1:15:42]} 11. Nc3 {[%clk 1:14:04]}
Bg7 {[%clk 1:14:42]} 12. e4 {[%clk 1:12:39]} Nd7 {[%clk 1:14:26]} 13. Rad1 {[%clk
1:08:21]} Qe7 {[%clk 1:04:54]} 14. d5 {[%clk 0:49:54]} a6 {[%clk 0:40:57]} 15.
Rfe1 {[%clk 0:48:07]} Rae8 {[%clk 0:37:26]} 16. b4 {[%clk 0:44:50]} Qd8 {[%clk
0:33:19]} 17. Nd4 {[%clk 0:34:51]} Bxd4 {[%clk 0:30:06]} 18. Rxd4 {[%clk
0:35:17]} e5 {[%clk 0:27:35]} 19. Rdd1 {[%clk 0:34:54]} f5 {[%clk 0:27:53]} 20.
exf5 {[%clk 0:29:44]} gxf5 {[%clk 0:28:15]} 21. f4 {[%clk 0:28:07]} Qf6 {[%clk
0:24:29]} 22. Ne2 {[%clk 0:22:21]} Bc8 {[%clk 0:21:26]} 23. Qc3 {[%clk 0:17:49]}
Re7 {[%clk 0:20:16]} 24. Nc1 {[%clk 0:10:08]} Rfe8 {[%clk 0:19:24]} 25. Nd3
{[%clk 0:09:38]} Kg7 {[%clk 0:13:01]} 26. fxe5 {[%clk 0:08:13]} Nxe5 {[%clk
0:07:48]} 27. Nxe5 {[%clk 0:08:41]} Rxe5 {[%clk 0:07:51]} 28. Rxe5 {[%clk
0:09:08]} Qxe5 {[%clk 0:07:19]} 29. Qxe5+ {[%clk 0:09:16]} Rxe5 {[%clk 0:07:31]}
30. Kf2 {[%clk 0:08:20]} Kf6 {[%clk 0:07:43]} 31. a4 {[%clk 0:06:29]} a5 {[%clk
0:07:37]} 32. bxa5 {[%clk 0:05:57]} bxa5 {[%clk 0:08:05]} 33. c5 {[%clk 0:04:46]}
dxc5 {[%clk 0:03:28]} 34. Rc1 {[%clk 0:05:09]} Bd7 {[%clk 0:03:33]} 35. Rxc5
{[%clk 0:05:27]} Bxa4 {[%clk 0:03:58]} 36. Rxa5 {[%clk 0:05:05]} 1/2-1/2